[Event "BL 8485 Porz-Bamberg"]
[Site "?"]
[Date "1985.??.??"]
[Round "?.1"]
[White "Seppeur, R."]
[Black "Hort, V."]
[Result "0-1"]
[WhiteElo "2310"]
[BlackElo "2605"]
[PlyCount "84"]
[EventDate "1985.??.??"]

1. e4 c5 2. Nc3 Nc6 3. g3 g6 4. Bg2 Bg7 5. d3 d6 6. Be3 e5 7. Qd2 Be6 8. f4
Nge7 9. Nf3 Nd4 10. O-O h6 11. Nd1 Qd7 12. Nh4 exf4 13. gxf4 f5 14. c3 Ndc6 15.
Nf2 O-O-O 16. Nf3 Kb8 17. Rfe1 b6 18. Qc2 Rc8 19. Qa4 Rhd8 20. Kh1 Qe8 21. Qa3
Qf7 22. Bd2 fxe4 23. dxe4 d5 24. e5 Nf5 25. b4 Bf8 26. Qb2 Be7 27. Re2 Rg8 28.
bxc5 Bxc5 29. Nd3 Be7 30. Nd4 Ncxd4 31. cxd4 Rc4 32. Rc1 Rgc8 33. Rxc4 dxc4 34.
Nb4 Bxb4 35. Bxb4 Bd5 36. Bc3 Nh4 37. Bxd5 Qxd5+ 38. Kg1 g5 39. e6 gxf4 40. Kf2
Rg8 41. e7 Qf3+ 42. Ke1 Rg1+ 0-1

[Event "BL 8485 Porz-Bamberg"]
[Site "?"]
[Date "1985.??.??"]
[Round "?.2"]
[White "Goehring, K."]
[Black "Bartsch, B."]
[Result "0-1"]
[WhiteElo "2355"]
[BlackElo "2265"]
[PlyCount "131"]
[EventDate "1985.??.??"]

1. d4 Nf6 2. c4 e6 3. Nc3 d5 4. Nf3 Be7 5. Bg5 Nbd7 6. e3 c6 7. Bd3 O-O 8. Rc1
Re8 9. O-O h6 10. Bh4 Ne4 11. Nxe4 Bxh4 12. Nd6 Rf8 13. cxd5 exd5 14. Bf5 Bf6
15. Qb3 Rb8 16. Nxc8 Qxc8 17. Ne5 Bxe5 18. dxe5 Qe8 19. f4 Qe7 20. Rfd1 Rfd8
21. e4 dxe4 22. Bxe4 Nf8 23. Bf5 Rxd1+ 24. Rxd1 Rd8 25. Rxd8 Qxd8 26. Qe3 Qd1+
27. Kf2 Ne6 28. Bxe6 fxe6 29. a3 Qc2+ 30. Qe2 Qc5+ 31. Qe3 Qc4 32. b4 b6 33. g4
a5 34. bxa5 bxa5 35. Kg3 a4 36. f5 Qd5 37. h4 Qb3 38. Kf4 h5 39. gxh5 exf5 40.
Qc5 Qh3 41. e6 Qxh4+ 42. Ke5 Qh2+ 43. Kd4 Qf2+ 44. Kc4 Qc2+ 45. Kb4 Qb3+ 46.
Ka5 Qd5 47. Kb4 Qxe6 48. Kxa4 Qe4+ 49. Kb3 Qb1+ 50. Kc3 Qc1+ 51. Kb4 Qd2+ 52.
Kc4 f4 53. Qe7 Qd5+ 54. Kc3 Qxh5 55. Qe6+ Kh8 56. Qc8+ Kh7 57. Qxc6 Qe5+ 58.
Kb3 g5 59. a4 Qe3+ 60. Kb4 f3 61. Qd7+ Kg6 62. Qd6+ Kf5 63. Qd5+ Kg4 64. a5 f2
65. Qg2+ Kf4 66. Kb5 0-1

[Event "BL 8485 Porz-Bamberg"]
[Site "?"]
[Date "1985.??.??"]
[Round "?.4"]
[White "Ostermeyer, P."]
[Black "Ruehrig, V."]
[Result "1-0"]
[WhiteElo "2470"]
[BlackElo "2375"]
[PlyCount "63"]
[EventDate "1985.??.??"]

1. d4 d5 2. c4 dxc4 3. Nf3 Nf6 4. e3 e6 5. Bxc4 c5 6. O-O a6 7. a4 Nc6 8. Qe2
Qc7 9. Nc3 Be7 10. b3 O-O 11. Ba3 cxd4 12. Bxe7 Qxe7 13. exd4 Rd8 14. Rad1 Bd7
15. Rfe1 Na5 16. d5 Nxc4 17. Qxc4 Rdc8 18. Qd3 Qb4 19. Ne4 Nxd5 20. Neg5 g6 21.
Nxf7 Rc3 22. Qe2 Rxb3 23. Nh6+ Kf8 24. Rxd5 exd5 25. Qe5 Qxe1+ 26. Nxe1 Rb1 27.
h4 Rc8 28. Kh2 Rc4 29. Nf3 Rbb4 30. Qf6+ Ke8 31. Nf7 Bf5 32. Qd8+ 1-0

[Event "BL 8485 Porz-Bamberg"]
[Site "?"]
[Date "1985.??.??"]
[Round "?.5"]
[White "Kestler, H."]
[Black "Gerusel, M."]
[Result "1-0"]
[WhiteElo "2410"]
[BlackElo "2390"]
[PlyCount "89"]
[EventDate "1985.??.??"]

1. c4 e5 2. Nc3 Nc6 3. g3 d6 4. Bg2 Be6 5. d3 Qd7 6. Bd2 g6 7. h4 h6 8. Nd5 Nd8
9. Rc1 c6 10. Nc3 Bg7 11. b4 Ne7 12. b5 O-O 13. Nf3 d5 14. bxc6 Ndxc6 15. cxd5
Nxd5 16. Ne4 b6 17. Qa4 Rac8 18. Qa3 Nd4 19. Nxd4 Rxc1+ 20. Qxc1 exd4 21. Bxh6
Rc8 22. Qg5 Qe7 23. Qxe7 Nxe7 24. Bxg7 Kxg7 25. Kd2 Bxa2 26. Nd6 Rc5 27. Rc1
Nf5 28. Rxc5 bxc5 29. Nb7 c4 30. dxc4 Bxc4 31. Be4 Nh6 32. Na5 Ba2 33. Nc6 Ng4
34. Ke1 f5 35. Bd3 Kf6 36. Nxa7 Ne5 37. f4 Nd7 38. Nc6 Bd5 39. Nxd4 Nc5 40. Kf2
Bb7 41. Ke3 Bd5 42. Bc2 Bb7 43. h5 Bc8 44. hxg6 Kxg6 45. g4 1-0

[Event "BL 8485 Porz-Bamberg"]
[Site "?"]
[Date "1985.??.??"]
[Round "?.8"]
[White "Kreutzkamp, R."]
[Black "Schmidt, G."]
[Result "1/2-1/2"]
[WhiteElo "2260"]
[BlackElo "2235"]
[PlyCount "29"]
[EventDate "1985.??.??"]

1. e4 c5 2. c3 d5 3. exd5 Qxd5 4. d4 cxd4 5. cxd4 Nc6 6. Nf3 e5 7. Nc3 Bb4 8.
Bd2 Bxc3 9. Bxc3 e4 10. Ne5 Nxe5 11. dxe5 Ne7 12. Qe2 Bf5 13. Rd1 Qc5 14. Qb5+
Qxb5 15. Bxb5+ 1/2-1/2

[Event "BL 8485 Erlangen-Porz"]
[Site "?"]
[Date "1985.??.??"]
[Round "?.1"]
[White "Hort, V."]
[Black "Heidrich, M."]
[Result "1/2-1/2"]
[WhiteElo "2605"]
[BlackElo "2260"]
[PlyCount "159"]
[EventDate "1985.??.??"]

1. Nf3 f5 2. d4 Nf6 3. Bg5 g6 4. Bxf6 exf6 5. e3 Be7 6. c4 c6 7. Nc3 d6 8. g3
Na6 9. Bg2 O-O 10. O-O Bd7 11. Rb1 Nc7 12. b4 d5 13. Nd2 Be6 14. Qe2 dxc4 15.
Nxc4 Nd5 16. Nxd5 Bxd5 17. Rfc1 Bxg2 18. Kxg2 Qd5+ 19. Qf3 b6 20. a3 Rfc8 21.
Rc3 Kf7 22. Re1 Qxf3+ 23. Kxf3 Bf8 24. Ke2 Ke6 25. Rec1 Rab8 26. Nb2 Kd7 27.
Na4 Bd6 28. Kd3 Rc7 29. Nb2 a5 30. bxa5 b5 31. a4 Bb4 32. Rb3 Bxa5 33. Ra1 Rcb7
34. axb5 Rxb5 35. Rxb5 Rxb5 36. Kc2 Bc7 37. Nd3 Ra5 38. Rd1 Bd6 39. Rb1 Kc7 40.
h4 Ra2+ 41. Kc3 Ra3+ 42. Kd2 Ra2+ 43. Ke1 Kc8 44. Kf1 Ra3 45. Ke2 Ra2+ 46. Kf3
h6 47. Nf4 Bxf4 48. gxf4 g5 49. fxg5 fxg5 50. Rc1 Kd7 51. Rc5 f4 52. exf4 gxh4
53. Rh5 Ra3+ 54. Ke4 Ra2 55. Rxh4 Rxf2 56. f5 Rf1 57. Rxh6 Re1+ 58. Kf4 Rd1 59.
Ke5 Re1+ 60. Kf6 Re4 61. Rh7+ Kd6 62. Rh8 Kd7 63. Kg6 Rg4+ 64. Kf7 Rxd4 65. f6
c5 66. Kg6 Rg4+ 67. Kf5 Rg1 68. f7 Rf1+ 69. Kg6 Rg1+ 70. Kh6 Rh1+ 71. Kg7 Rg1+
72. Kf8 Ke6 73. Rh6+ Kd5 74. Rf6 Ra1 75. Kg7 Ra8 76. Ra6 Rb8 77. Ra7 c4 78.
Rd7+ Ke4 79. Kf6 Rf8 80. Rc7 1/2-1/2

[Event "BL 8485 Erlangen-Porz"]
[Site "?"]
[Date "1985.??.??"]
[Round "?.2"]
[White "Huenerkopf, H."]
[Black "Goehring, K."]
[Result "1-0"]
[WhiteElo "2255"]
[BlackElo "2355"]
[PlyCount "99"]
[EventDate "1985.??.??"]

1. e4 e5 2. Nf3 Nc6 3. d4 exd4 4. Nxd4 Nf6 5. Nxc6 bxc6 6. e5 Qe7 7. Qe2 Nd5 8.
c4 Ba6 9. Nd2 O-O-O 10. b3 Re8 11. Bb2 Nf4 12. Qe3 Ng6 13. O-O-O c5 14. f4 Bb7
15. Nf3 f6 16. Bd3 fxe5 17. fxe5 Nh4 18. Be4 Nxf3 19. gxf3 d6 20. Rhe1 Qh4 21.
Bxb7+ Kxb7 22. f4 Kb8 23. Qf3 Be7 24. Kb1 Rhf8 25. Qc6 Qxf4 26. exd6 cxd6 27.
Be5 Qf5+ 28. Ka1 Qc8 29. Rxd6 Bf6 30. Rxf6+ Rxe5 31. Qd6+ Ka8 32. Rxe5 Rxf6 33.
Qd5+ Kb8 34. Re7 Rf1+ 35. Kb2 Rf2+ 36. Kb1 Qf5+ 37. Qxf5 Rxf5 38. Rxg7 Rf1+ 39.
Kb2 Rf2+ 40. Ka3 Rxh2 41. Rf7 Rh5 42. Ka4 Rh2 43. a3 Rh5 44. Kb5 Rh3 45. b4
cxb4 46. axb4 h5 47. Rh7 h4 48. Kc6 a6 49. Kb6 Rb3 50. Rh8# 1-0

[Event "BL 8485 Erlangen-Porz"]
[Site "?"]
[Date "1985.??.??"]
[Round "?.3"]
[White "Marian, R."]
[Black "Roeder, F."]
[Result "1/2-1/2"]
[WhiteElo "2285"]
[BlackElo "2250"]
[PlyCount "42"]
[EventDate "1985.??.??"]

1. e4 c5 2. Nf3 Nc6 3. Bb5 g6 4. O-O Bg7 5. c3 e5 6. d3 Nge7 7. Nbd2 O-O 8. Re1
a6 9. Ba4 b5 10. Bc2 h6 11. a3 d6 12. b4 Qc7 13. Nf1 Nd8 14. Bd2 Ne6 15. Ne3
Nf4 16. Rc1 a5 17. c4 axb4 18. axb4 cxb4 19. Bxb4 Nc6 20. Bd2 bxc4 21. Nxc4 Bg4
1/2-1/2

[Event "BL 8485 Erlangen-Porz"]
[Site "?"]
[Date "1985.??.??"]
[Round "?.6"]
[White "Strobel, W."]
[Black "Schmidt, B."]
[Result "0-1"]
[WhiteElo "2275"]
[BlackElo "2340"]
[PlyCount "95"]
[EventDate "1985.??.??"]

1. e4 e6 2. d4 d5 3. Nd2 Nf6 4. e5 Nfd7 5. f4 c5 6. c3 cxd4 7. cxd4 Nc6 8. Ndf3
Nb6 9. Bd3 h5 10. a3 a5 11. Nh3 g6 12. O-O Bd7 13. Qe1 Nc8 14. Bd2 Qb6 15. Bc3
N8e7 16. Nhg5 Ng8 17. Rd1 Nh6 18. Qf2 Be7 19. Rfe1 Bxg5 20. fxg5 Nf5 21. h3
O-O-O 22. g4 hxg4 23. hxg4 Nfe7 24. Kg2 Rh7 25. Rh1 Rdh8 26. Rxh7 Rxh7 27. Rh1
Rxh1 28. Kxh1 Qd8 29. Ne1 Be8 30. Bf1 Qb6 31. Nd3 Qb3 32. Qd2 Qb6 33. Nf4 Kb8
34. Kg2 Nc8 35. Kg3 Qd8 36. Ne2 a4 37. Nc1 N6a7 38. Qf4 Qc7 39. Bb4 Ka8 40. Qd2
Bb5 41. Nd3 Bc4 42. Kf2 Nc6 43. Bc3 Nb6 44. Qf4 Bxd3 45. Bxd3 Nc4 46. Qf6 Qb6
47. Bxc4 dxc4 48. Ke3 {ZÜ} 0-1

[Event "BL 8485 Erlangen-Porz"]
[Site "?"]
[Date "1985.??.??"]
[Round "?.8"]
[White "Seyb, D."]
[Black "Kreutzkamp, R."]
[Result "0-1"]
[WhiteElo "2310"]
[BlackElo "2260"]
[PlyCount "92"]
[EventDate "1985.??.??"]

1. e4 c6 2. d4 d5 3. e5 Bf5 4. h4 h5 5. c4 e6 6. Nc3 dxc4 7. Bxc4 Nd7 8. Bg5
Be7 9. Qd2 Nb6 10. Bb3 Qd7 11. Nge2 O-O-O 12. O-O Bxg5 13. Qxg5 Ne7 14. Ng3 Bg6
15. Rfd1 Kb8 16. a4 Nbd5 17. a5 Qc7 18. Qd2 Nxc3 19. bxc3 a6 20. Ra4 c5 21. Qb2
Nc6 22. Bc2 Bxc2 23. Qxc2 cxd4 24. cxd4 Nxe5 25. Qb2 Nc6 26. Ne4 Rd5 27. Nc5
Ka7 28. Rb1 Rb8 29. Qc3 Nxd4 30. Rxd4 Rxc5 31. Qe3 Qxa5 32. Rd7 Ka8 33. Rxf7
Rc7 34. Qxe6 Rxf7 35. Qxf7 Qe5 36. g3 Ka7 37. Rb3 Qe1+ 38. Kh2 a5 39. Rf3 Ka6
40. Qc4+ Ka7 41. Rf5 b6 42. Qf7+ Rb7 43. Qxh5 Qe4 44. Rf4 Qe7 45. Qb5 Qd7 46.
Qb3 Qe7 {ZÜ} 0-1

[Event "BL 8485 Bamberg-Frechen"]
[Site "?"]
[Date "1985.??.??"]
[Round "?.1"]
[White "Ott, W."]
[Black "Seppeur, R."]
[Result "0-1"]
[WhiteElo "2300"]
[BlackElo "2310"]
[PlyCount "56"]
[EventDate "1985.??.??"]

1. e4 c5 2. Nf3 d6 3. d4 cxd4 4. Nxd4 Nf6 5. Nc3 g6 6. Be3 Bg7 7. f3 O-O 8. Qd2
Nc6 9. O-O-O Nxd4 10. Bxd4 Be6 11. Kb1 Qc7 12. Nd5 Bxd5 13. exd5 Rfc8 14. Rc1
Qd7 15. g4 b5 16. h4 Qb7 17. Bg2 Rc4 18. c3 b4 19. cxb4 Ne4 20. fxe4 Rxd4 21.
Qe3 Rxb4 22. b3 a5 23. Bf1 a4 24. Bc4 axb3 25. axb3 Ra3 26. Rh3 Qa8 27. Rc3
Ra1+ 28. Kc2 Qa2+ 0-1

[Event "BL 8485 Bamberg-Frechen"]
[Site "?"]
[Date "1985.??.??"]
[Round "?.2"]
[White "Bartsch, B."]
[Black "Behling, R."]
[Result "1-0"]
[WhiteElo "2265"]
[BlackElo "2300"]
[PlyCount "99"]
[EventDate "1985.??.??"]

1. e4 c6 2. c4 d5 3. cxd5 cxd5 4. exd5 Nf6 5. Bb5+ Nbd7 6. Nc3 g6 7. d4 Bg7 8.
d6 exd6 9. Qe2+ Qe7 10. Bf4 Qxe2+ 11. Ngxe2 a6 12. Bd3 Ke7 13. O-O Nb6 14. Rfe1
h6 15. a4 Be6 16. Bg3 Nbd5 17. Nxd5+ Nxd5 18. Nc3 Nxc3 19. bxc3 Kd7 20. Rab1 b5
21. axb5 axb5 22. Bxb5+ Kc7 23. Rbd1 Bf6 24. c4 Ra5 25. h3 h5 26. d5 Bd7 27.
Bxd7 Kxd7 28. Rb1 Ra7 29. Rb3 Bd4 30. Bh4 Re8 31. Rxe8 Kxe8 32. Rb8+ Kd7 33. g4
hxg4 34. hxg4 f6 35. Rg8 Ra1+ 36. Kg2 g5 37. Bg3 Bc5 38. Rg7+ Ke8 39. Rc7 Rc1
40. Kf3 Re1 41. Rb7 Rc1 42. Rc7 Re1 43. Rg7 Rc1 44. Ke4 Rxc4+ 45. Kf5 Kf8 46.
Rg6 Bd4 47. Ke6 Be5 48. Bxe5 fxe5 49. Rxg5 Rf4 50. Rf5+ 1-0

[Event "BL 8485 Lasker-Bayern"]
[Site "?"]
[Date "1985.??.??"]
[Round "?.1"]
[White "Kindermann, S."]
[Black "Wockenfuss, K."]
[Result "1/2-1/2"]
[WhiteElo "2490"]
[BlackElo "2335"]
[PlyCount "57"]
[EventDate "1985.??.??"]

1. e4 Nc6 2. Nf3 d6 3. d4 Nf6 4. Nc3 Bg4 5. Be3 e5 6. d5 Nb8 7. Be2 Be7 8. Nd2
Bxe2 9. Qxe2 O-O 10. O-O Nbd7 11. Nd1 Ne8 12. c4 g6 13. Nc3 Bg5 14. b4 f5 15.
exf5 gxf5 16. f3 b6 17. a4 a5 18. bxa5 Rxa5 19. Nb3 Ra8 20. a5 bxa5 21. Nxa5
Bxe3+ 22. Qxe3 Qf6 23. Nc6 Rxa1 24. Rxa1 Nc5 25. Ra7 Qh4 26. Qe2 Qg5 27. Ra1
Kh8 28. Nb5 Rg8 29. Rd1 1/2-1/2

[Event "BL 8485 Lasker-Bayern"]
[Site "?"]
[Date "1985.??.??"]
[Round "?.2"]
[White "Paulsen, D."]
[Black "Hecht, H."]
[Result "1/2-1/2"]
[WhiteElo "2360"]
[BlackElo "2450"]
[PlyCount "64"]
[EventDate "1985.??.??"]

1. d4 Nf6 2. c4 e6 3. Nf3 b6 4. g3 Bb7 5. Bg2 Bb4+ 6. Bd2 Be7 7. O-O O-O 8. Nc3
d5 9. Ne5 c6 10. cxd5 cxd5 11. Qa4 a6 12. b4 Nfd7 13. Nd3 Nc6 14. e3 Bd6 15.
Rfc1 Qe7 16. Rc2 a5 17. Nb5 axb4 18. Qb3 Na5 19. Qb2 Ba6 20. Nxd6 Bxd3 21. Bxb4
Bxc2 22. Nb5 Nc4 23. Qc3 Nc5 24. Qxc2 Qd7 25. a4 Nxa4 26. Bxf8 Qxb5 27. Rb1 Qd7
28. Bb4 Rc8 29. Qb3 b5 30. Be1 Nd6 31. Bf1 Nb6 32. Bb4 Nbc4 1/2-1/2

[Event "BL 8485 Lasker-Bayern"]
[Site "?"]
[Date "1985.??.??"]
[Round "?.3"]
[White "Bischoff, K."]
[Black "Cladouras, P."]
[Result "1-0"]
[WhiteElo "2375"]
[BlackElo "2295"]
[PlyCount "113"]
[EventDate "1985.??.??"]

1. e4 e5 2. Nf3 Nc6 3. Bb5 a6 4. Ba4 Nf6 5. O-O Be7 6. Re1 b5 7. Bb3 d6 8. c3
O-O 9. h3 Na5 10. Bc2 c5 11. d4 Qc7 12. Nbd2 cxd4 13. cxd4 Nc6 14. Nb3 a5 15.
Be3 a4 16. Nbd2 Nb4 17. Bb1 a3 18. bxa3 Rxa3 19. Nb3 Bb7 20. Qd2 d5 21. Rc1 Qb8
22. Nc5 Na6 23. Nxb7 Qxb7 24. dxe5 Nxe4 25. Qb2 Ra8 26. Bc2 Nb4 27. Bb3 Nd3 28.
Qd4 Nxc1 29. Rxc1 Rd8 30. Rd1 Rxb3 31. axb3 b4 32. Qd3 Nc3 33. Ra1 d4 34. Bd2
Qd5 35. Ra7 Bc5 36. Rc7 h6 37. e6 f5 38. Bf4 Re8 39. Be5 Bf8 40. Qxf5 Qxe6 41.
Qxe6+ Rxe6 42. Bxd4 Ne2+ 43. Kf1 Nxd4 44. Nxd4 Ra6 45. g3 Ra2 46. Ne6 Ra1+ 47.
Kg2 Bd6 48. Rxg7+ Kh8 49. Rd7 Be5 50. f4 Bc3 51. Nc5 Ra5 52. Ne4 Ra3 53. f5
Rxb3 54. f6 Kg8 55. f7+ Kf8 56. Nc5 Rb2+ 57. Kf3 1-0

[Event "BL 8485 Lasker-Bayern"]
[Site "?"]
[Date "1985.??.??"]
[Round "?.4"]
[White "Muse, M."]
[Black "Klundt, K."]
[Result "1/2-1/2"]
[WhiteElo "2240"]
[BlackElo "2340"]
[PlyCount "98"]
[EventDate "1985.??.??"]

1. d4 Nf6 2. c4 g6 3. Nc3 Bg7 4. e4 d6 5. Be2 O-O 6. Bg5 c5 7. d5 h6 8. Bf4 e6
9. dxe6 Bxe6 10. Bxd6 Re8 11. e5 Nfd7 12. Nf3 Nc6 13. O-O Nd4 14. Nxd4 cxd4 15.
Qxd4 Nxe5 16. Bxe5 Qxd4 17. Bxd4 Bxd4 18. Rac1 Rad8 19. b3 Bxc3 20. Rxc3 Rd2
21. Bf3 Rxa2 22. Bxb7 Rb8 23. Be4 Ra3 24. Bc2 a5 25. Re3 a4 26. bxa4 Rxe3 27.
fxe3 Rb2 28. Rc1 Bxc4 29. Bxg6 Bb3 30. Rb1 Rxb1+ 31. Bxb1 Bxa4 32. Kf2 Kg7 33.
Kg3 f6 34. Kf4 Bd7 35. Bf5 Bc6 36. g4 Kf7 37. h4 Bb7 38. e4 Ke7 39. Bg6 Bc8 40.
Bh7 Bd7 41. Bf5 Be8 42. Bc8 Bg6 43. Bb7 Kf8 44. Bd5 Kg7 45. Bc6 Kg8 46. h5 Bf7
47. Kf5 Kg7 48. Bd5 Be8 49. Ke6 Bb5 1/2-1/2

[Event "BL 8485 Lasker-Bayern"]
[Site "?"]
[Date "1985.??.??"]
[Round "?.5"]
[White "Siegel, G."]
[Black "Zbikowski, W."]
[Result "1-0"]
[WhiteElo "2285"]
[BlackElo "2280"]
[PlyCount "81"]
[EventDate "1985.??.??"]

1. c4 g6 2. Nc3 Bg7 3. g3 Nc6 4. Bg2 d6 5. Rb1 a5 6. a3 Be6 7. d3 Qc8 8. Bd2
Nf6 9. b4 axb4 10. axb4 O-O 11. b5 Nd8 12. Ra1 Rxa1 13. Qxa1 d5 14. cxd5 Nxd5
15. Bxd5 Bxc3 16. Qxc3 Bxd5 17. e4 Be6 18. Bh6 f6 19. Bxf8 Kxf8 20. Ne2 Bg4 21.
d4 Nf7 22. f3 Bd7 23. b6 cxb6 24. Qxc8+ Bxc8 25. Kf2 Bd7 26. Rc1 Ke8 27. Rc7
Bc6 28. Rc8+ Nd8 29. d5 Kd7 30. Ra8 Bb5 31. Nc3 Bc4 32. Ke3 b5 33. Ra5 b6 34.
Ra7+ Kd6 35. Kd4 e5+ 36. Ke3 b4 37. Na4 b5 38. Nb2 h5 39. Ra6+ Kc5 40. Nd3+
Bxd3 41. Kxd3 1-0

[Event "BL 8485 Lasker-Bayern"]
[Site "?"]
[Date "1985.??.??"]
[Round "?.8"]
[White "Jacoby, G."]
[Black "Taeger, W."]
[Result "1-0"]
[WhiteElo "2245"]
[BlackElo "2215"]
[PlyCount "63"]
[EventDate "1985.??.??"]

1. e4 g6 2. d4 Bg7 3. c3 d5 4. Nd2 Nh6 5. Ngf3 O-O 6. Bd3 c6 7. O-O f6 8. Re1
Nf7 9. exd5 cxd5 10. c4 dxc4 11. Bxc4 Kh8 12. d5 Nd6 13. Bb3 Na6 14. Nc4 Nc5
15. Be3 Nxb3 16. axb3 a6 17. Bb6 Qd7 18. Nd4 Nxc4 19. bxc4 Qd6 20. Qb3 f5 21.
Ne6 Bxe6 22. Rxe6 Qd7 23. Rae1 Rf7 24. Bc5 Bf6 25. Qb4 a5 26. Qa3 b5 27. Bxe7
Bg7 28. Qd3 bxc4 29. Qxc4 Bxb2 30. Bc5 a4 31. Re7 Rxe7 32. Rxe7 1-0

[Event "BL 8485 Kreuzberg-München 36"]
[Site "?"]
[Date "1985.??.??"]
[Round "?.2"]
[White "King, D."]
[Black "Robatsch, K."]
[Result "1/2-1/2"]
[WhiteElo "2435"]
[BlackElo "2430"]
[PlyCount "36"]
[EventDate "1985.??.??"]

1. e4 c5 2. Nf3 d6 3. d4 cxd4 4. Nxd4 Nf6 5. Nc3 Nc6 6. Bg5 Bd7 7. Be2 Qa5 8.
Bxf6 gxf6 9. Nb3 Qg5 10. Nd5 O-O-O 11. O-O Rg8 12. g3 Qe5 13. Qd3 f5 14. exf5
Bxf5 15. Qc4 Qe4 16. Ne3 Qxc4 17. Bxc4 Bh3 18. Rfe1 Ne5 1/2-1/2

[Event "BL 8485 Kreuzberg-München 36"]
[Site "?"]
[Date "1985.??.??"]
[Round "?.4"]
[White "Grzesik, F."]
[Black "Bastian, H."]
[Result "1/2-1/2"]
[WhiteElo "2285"]
[BlackElo "2375"]
[PlyCount "104"]
[EventDate "1985.??.??"]

1. e4 e5 2. Nf3 Nc6 3. Bb5 Nf6 4. O-O Nxe4 5. d4 Be7 6. Qe2 Nd6 7. Bxc6 bxc6 8.
dxe5 Nb7 9. Nc3 O-O 10. Re1 Nc5 11. Be3 Ne6 12. Rad1 Rb8 13. b3 Bb4 14. Qc4 a5
15. Bc1 d5 16. exd6 cxd6 17. a3 d5 18. Qd3 Bd6 19. Nd4 Qh4 20. g3 Qxd4 21. Qxd4
Nxd4 22. Rxd4 h6 23. Bf4 Bxf4 24. Rxf4 Be6 25. Na4 Rfe8 26. Nc5 Bh3 27. Re3
Rxe3 28. fxe3 Rb5 29. b4 axb4 30. axb4 Rb8 31. Kf2 Ra8 32. Ke2 Ra1 33. Nd3 f6
34. Kd2 Bg2 35. Nc5 Ra3 36. Rf2 Bh3 37. Nd3 Bc8 38. Nc5 Kf7 39. Nb3 Ke7 40. Rf1
Kd6 41. Ra1 Rxa1 42. Nxa1 Ba6 43. Nb3 Ke5 44. Ke1 g5 45. Kf2 Bc8 46. Nd4 Bd7
47. Nb3 h5 48. Nc5 Bc8 49. Nd3+ Ke4 50. Nc5+ Ke5 51. Nd3+ Ke4 52. Nc5+ Ke5
1/2-1/2

[Event "BL 8485 Kreuzberg-München 36"]
[Site "?"]
[Date "1985.??.??"]
[Round "?.6"]
[White "Konieczka, F."]
[Black "Zysk, R."]
[Result "1/2-1/2"]
[WhiteElo "2240"]
[BlackElo "2325"]
[PlyCount "68"]
[EventDate "1985.??.??"]

1. e4 e5 2. Nf3 Nf6 3. Bc4 Nxe4 4. Nc3 Nf6 5. Nxe5 d5 6. Be2 d4 7. Bc4 Be6 8.
Bxe6 fxe6 9. Ne2 Qd5 10. Nf3 Nc6 11. d3 e5 12. O-O O-O-O 13. Ng3 e4 14. Ng5
exd3 15. cxd3 Bd6 16. f4 Rde8 17. a3 Na5 18. b4 Nb3 19. Rb1 Nxc1 20. Rxc1 Bxf4
21. Rxf4 Qxg5 22. Qf1 Nd5 23. Rf7 Nc3 24. Kh1 Qe5 25. Qf3 g6 26. Ne4 Nxe4 27.
Qxe4 Qd6 28. Qg4+ Kb8 29. Rd7 Qe5 30. h3 Rd8 31. Rf7 Qd6 32. Qg5 Rd7 33. Qf4
Re8 34. a4 a6 {.../59/} 1/2-1/2

[Event "BL 8485 Kreuzberg-München 36"]
[Site "?"]
[Date "1985.??.??"]
[Round "?.7"]
[White "Krause, C."]
[Black "Federau, J."]
[Result "1/2-1/2"]
[WhiteElo "2240"]
[BlackElo "2210"]
[PlyCount "39"]
[EventDate "1985.??.??"]

1. c4 e6 2. Nf3 d5 3. e3 Nf6 4. b3 Be7 5. Bb2 O-O 6. g3 b6 7. Bg2 Bb7 8. O-O c5
9. d3 Nc6 10. Qe2 Qc7 11. Nc3 dxc4 12. dxc4 Rad8 13. Rad1 h6 14. Rxd8 Rxd8 15.
Rd1 Qb8 16. Rxd8+ Qxd8 17. Ne5 Qa8 18. Nxc6 Bxc6 19. Bxc6 Qxc6 20. f3 1/2-1/2

[Event "BL 8485 Bayern-Kreuzberg"]
[Site "?"]
[Date "1985.??.??"]
[Round "?.1"]
[White "Berg, K."]
[Black "Kindermann, S."]
[Result "1/2-1/2"]
[WhiteElo "2375"]
[BlackElo "2490"]
[PlyCount "38"]
[EventDate "1985.??.??"]

1. d4 Nf6 2. Nf3 e6 3. c4 c5 4. e3 d5 5. cxd5 exd5 6. Bb5+ Nc6 7. Ne5 Bd7 8.
Nxd7 Qxd7 9. O-O Bd6 10. dxc5 Bxc5 11. b3 O-O 12. Nc3 a6 13. Bxc6 Qxc6 14. Bb2
Rfd8 15. Na4 Ba7 16. Rc1 Qd6 17. Bd4 Bxd4 18. Qxd4 Rac8 19. Rfd1 Qa3 1/2-1/2

[Event "BL 8485 Bayern-Kreuzberg"]
[Site "?"]
[Date "1985.??.??"]
[Round "?.3"]
[White "Grzesik, T."]
[Black "Bischoff, K."]
[Result "1/2-1/2"]
[WhiteElo "2340"]
[BlackElo "2375"]
[PlyCount "37"]
[EventDate "1985.??.??"]

1. e4 e6 2. d4 d5 3. Nc3 Nf6 4. Bg5 Be7 5. e5 Ng8 6. Be3 b6 7. h4 h5 8. Be2 g6
9. Nf3 Ba6 10. Qd2 Qd7 11. O-O c5 12. Rfd1 cxd4 13. Nxd4 Bxe2 14. Ncxe2 Nc6 15.
Nxc6 Qxc6 16. Nd4 Qc7 17. Nb5 Qc6 18. Nd4 Qc7 19. Nb5 1/2-1/2

[Event "BL 8485 Bayern-Kreuzberg"]
[Site "?"]
[Date "1985.??.??"]
[Round "?.4"]
[White "Klundt, K."]
[Black "Grzesik, F."]
[Result "1-0"]
[WhiteElo "2340"]
[BlackElo "2285"]
[PlyCount "149"]
[EventDate "1985.??.??"]

1. e4 Nf6 2. e5 Nd5 3. d4 d6 4. c4 Nb6 5. f4 dxe5 6. fxe5 Nc6 7. Be3 Bf5 8. Nc3
e6 9. Nf3 Be7 10. Be2 O-O 11. O-O f6 12. exf6 Bxf6 13. Qd2 Qe7 14. Rad1 Rad8
15. Qc1 h6 16. h3 Kh8 17. Kh1 Bh7 18. Bg1 Rfe8 19. Rfe1 Qf7 20. Qf4 Re7 21. Bf1
Qe8 22. Qg3 Rdd7 23. Ne4 Bxe4 24. Rxe4 Qd8 25. Qg4 Re8 26. Ree1 Rde7 27. Bd3
Nd7 28. Bg6 Rg8 29. Rxe6 Rxe6 30. Qxe6 Nf8 31. Qg4 Nxg6 32. Qxg6 Re8 33. Rd2
Qe7 34. Bf2 Qe4 35. Qxe4 Rxe4 36. Kg1 Kg8 37. Kf1 Re7 38. b3 Rd7 39. d5 Ne7 40.
Nd4 c6 41. Ne6 cxd5 42. Nc5 Rd8 43. Nxb7 Rb8 44. Nd6 dxc4 45. Nxc4 Rb7 46. Rd8+
Kh7 47. Rd6 Nc8 48. Re6 Ne7 49. Ra6 Nc8 50. Nd6 Nxd6 51. Rxd6 a5 52. Ra6 Bc3
53. Ke2 Rd7 54. Be3 Bb4 55. Ra7 Rd6 56. Rb7 Rd5 57. a4 Rd6 58. Rb5 Rg6 59. g4
Rc6 60. Bd4 Rc2+ 61. Kd3 Rh2 62. Rb7 Rxh3+ 63. Kc4 Bf8 64. Ra7 Rg3 65. Rxa5
Rxg4 66. Rd5 Rg2 67. a5 Ra2 68. b4 Ra3 69. Bc3 g5 70. b5 g4 71. b6 g3 72. b7 g2
73. Rd7+ Kg8 74. Rd1 Bd6 75. Rxd6 1-0

[Event "BL 8485 Bayern-Kreuzberg"]
[Site "?"]
[Date "1985.??.??"]
[Round "?.6"]
[White "Hickl, J."]
[Black "Konieczka, F."]
[Result "1-0"]
[WhiteElo "2275"]
[BlackElo "2240"]
[PlyCount "101"]
[EventDate "1985.??.??"]

1. g3 d5 2. Bg2 Nf6 3. d3 e6 4. Nf3 c5 5. O-O Be7 6. c3 O-O 7. a3 b5 8. b4 Bb7
9. bxc5 Bxc5 10. Nbd2 Nbd7 11. Rb1 a6 12. a4 Qb6 13. axb5 axb5 14. Nb3 Ba3 15.
Be3 Qc7 16. Nbd4 Ba6 17. Bh3 Rfb8 18. Qd2 Qd6 19. Nc2 Bc5 20. d4 Bb6 21. Bf4
Qe7 22. Bxb8 Ne4 23. Qe3 Rxb8 24. Nb4 Bb7 25. Nd2 Nd6 26. Bg2 Nf6 27. Kh1 Ng4
28. Qd3 f5 29. f3 Nf6 30. Qe3 Rc8 31. Rbc1 h6 32. Nd3 g5 33. Nf2 Kg7 34. Rfe1
Re8 35. Nd3 Qf7 36. Ne5 Qh5 37. Rf1 f4 38. Qf2 Re7 39. g4 Qe8 40. e3 Nd7 41.
exf4 gxf4 42. Qe2 Nf7 43. Nxf7 Qxf7 44. Qxb5 e5 45. dxe5 Be3 46. Qxb7 Bxd2 47.
Rcd1 Nxe5 48. Qb4 Nc4 49. Rxd2 Rb7 50. Qc5 Nxd2 51. Qd4+ 1-0

[Event "BL 8485 München 36-Lasker"]
[Site "?"]
[Date "1985.??.??"]
[Round "?.1"]
[White "Wockenfuss, K."]
[Black "Unzicker, W."]
[Result "0-1"]
[WhiteElo "2335"]
[BlackElo "2470"]
[PlyCount "82"]
[EventDate "1985.??.??"]

1. d4 Nf6 2. g3 d5 3. c4 e6 4. Nf3 dxc4 5. Qa4+ Nbd7 6. Bg2 a6 7. Qxc4 b5 8.
Qc6 Ra7 9. Qc2 Bb7 10. O-O c5 11. Bg5 cxd4 12. Nxd4 Bxg2 13. Kxg2 Rc7 14. Qb3
Be7 15. Nf3 O-O 16. Bf4 Rc8 17. Nbd2 Nc5 18. Qc2 Nd5 19. Rac1 g5 20. Be3 g4 21.
Ne1 Nxe3+ 22. fxe3 Bg5 23. Rd1 Qd5+ 24. e4 Qb7 25. h4 Bh6 26. Kh2 Rfd8 27. Nb3
Nxb3 28. Rxd8+ Rxd8 29. Qxb3 Qxe4 30. Rf2 Qe3 31. Kg2 Qxb3 32. axb3 Be3 33. Rf1
Rd2 34. Nd3 Rxe2+ 35. Kh1 Rd2 36. Ne5 f5 37. Ra1 h5 38. Rxa6 f4 39. gxf4 g3 40.
Nf3 g2+ 41. Kh2 g1=Q+ 0-1